01091nam a2200253 a 450000100100000000500170001000800410002702000150006804000250008309000150010824500810012326000720020430000210027649000490029750400730034650400550041965000420047470000460051671000600056283000560062291000370067895201050071599900170082000004166920201002035709.0131015s2001 sp 001 0 spa d a8481644730 aDO-SdBNPbspacBNPHU a190bF488s00aLa filosofía del siglo XIX /cedición José Luis Villacañas Berlanga. aMadrid :bConsejo Superior de Investigaciones Científicas,c2001. a433 p. ;c24 cm.1 aEnciclopedia Iberoaméricana de Filosofía aIncluye referencias bibliográficas y notas al pie de las páginas aIncluye bibliografía al final de los capítulos 4aFilosofía modernaySIGLO XIX9359281 aVillacañas Berlanga, José Luis9684642 aConsejo Superior de Investigaciones Científicas94786 0aEnciclopedia Iberoaméricana de Filosofía915735 aValidado. Control de calidad MFF 001050718MOaGRbGRcHDd2013-10-15iLF1l0o p41669-10r2020-06-25w2020-06-25y1ZNo se presta c41159d41159